000 00467nam a2200133Ia 4500
008 170221s9999 xx 000 0 und d
100 _aCraig Cameron
245 4 _aThe What, Why and How of Generic Skills: A Financial Planning Case Study
245 _cCraig Cameron, Mark Brimble, Julie Knutsen, and Brett Freudenberg
260 _cMay 2016
300 _a5 : 2
650 _xBusiness
856 _uhttp://ro.uow.edu.au/cgi/viewcontent.cgi?article=1504&context=aabfj
999 _c309863
_d309863